[Event "Olympiad-35"]
[Site "Bled"]
[Date "2002.10.26"]
[Round "1.1"]
[White "Simutowe, Amon"]
[Black "Atalik, Suat"]
[Result "1/2-1/2"]
[WhiteElo "2383"]
[BlackElo "2575"]
[Annotator "Atalik,S"]
[PlyCount "50"]
[EventDate "2002.10.26"]
[EventType "team-swiss"]
[EventRounds "14"]
[EventCountry "SLO"]
[SourceTitle "CBM 092"]
[Source "ChessBase"]
[SourceDate "2003.02.06"]
[SourceVersion "1"]
[SourceVersionDate "2003.02.06"]
[SourceQuality "1"]
[WhiteTeam "Zambia"]
[BlackTeam "Bosnia&Herzegovina"]
[WhiteTeamCountry "ZAM"]
[BlackTeamCountry "BIH"]

1. d4 Nf6 2. c4 e6 3. Nc3 Bb4 {Nimzo-Indian Defence.} 4. e3 O-O 5. Nge2 {
IM Simutowe usually goes for Rubinstein 's System in this opening.} d5 6. cxd5
$5 {This gives the option of putting the bishop on d6 for black.} (6. a3 Be7 7.
cxd5 Nxd5 $5 {is usual.}) 6... Nxd5 {Alex's treatment dressed in a different
form.} (6... exd5 7. g3 (7. a3 Bd6) 7... Re8 8. Bg2 Bf8 9. O-O a5 $13) 7. Bd2 (
7. e4 Nxc3 8. bxc3 Be7 {and Ne2 looks really weird.} (8... Ba5 9. Ba3 Re8 10.
g3 b6 11. Bg2 Ba6 12. Rc1 (12. e5 Nd7 $1) 12... c5 $1 $36)) (7. Qc2 c5 8. dxc5
(8. a3 cxd4 $1) 8... Nc6 9. a3 Nxc3 10. Nxc3 Bxc5 $11) 7... Nd7 8. Nxd5 {
This transposes the game into a Karlsbad structure.} (8. Qc2 N5f6 $13) 8...
Bxd2+ 9. Qxd2 exd5 10. Nc3 Nb6 $1 {This is a cool move.From b6 the knight can
always reach to d6 via c8.} 11. Be2 $6 (11. Bd3 Bg4 12. Qc2 Kh8 13. f3 Bh5 14.
O-O Bg6 $11 {looks normal}) 11... Qg5 $1 {taking the advantage of whites
paasive play.} 12. O-O Bh3 13. Bf3 Nc4 14. Qe2 c6 15. Kh1 Bf5 $15 {Black has
everything he wants,besides it is very noticeable that white could not
accomplish minority attack.} 16. Rfe1 Rfe8 17. Rad1 Rad8 $6 {First stupid move.
} (17... Re6 $1 18. Na4 (18. Nxd5 $2 cxd5 19. Bxd5 Bd3 $1 $19) 18... Rh6 19. g3
Nd6 20. Nc5 Re8 $17) 18. g3 Bh3 $6 {Why was that?} (18... Qg6 19. b3 Nd6 20.
Bg2 Ne4 21. Nxe4 Bxe4 $15) 19. Na4 f5 $2 {And the final nail on the coffin!} (
19... Nd6 20. Nc5 Qf6 $15) 20. Nc5 Re7 21. Nd3 Bg4 $1 {That was my idea with
19...f5.} 22. Kg2 Rde8 23. h4 Bxf3+ 24. Qxf3 Qf6 25. b3 Nd6 {Here I had enough
with my first round game and offered a draw in a more or less equal position.}
(25... Nd6 26. Ne5 Nf7 27. Nxf7 Qxf7 $11) 1/2-1/2

[Event "Moscow Aeroflot op-A"]
[Site "Moscow"]
[Date "2006.02.12"]
[Round "5"]
[White "Sasikiran, Krishnan"]
[Black "Landa, Konstantin"]
[Result "1-0"]
[WhiteElo "2670"]
[BlackElo "2597"]
[Annotator "Atlas,V"]
[PlyCount "69"]
[EventDate "2006.02.08"]
[EventType "swiss"]
[EventRounds "9"]
[EventCountry "RUS"]
[SourceTitle "CBM 112"]
[Source "ChessBase"]
[SourceDate "2006.06.07"]
[SourceVersion "1"]
[SourceVersionDate "2006.06.07"]
[SourceQuality "1"]

1. d4 Nf6 2. c4 e6 3. Nc3 Bb4 4. e3 O-O 5. Nge2 d5 6. a3 Be7 7. cxd5 exd5 8. g3
a5 9. Bg2 c6 10. O-O Na6 11. b3 Re8 12. Kh1 Bf8 13. Nf4 Bf5 14. f3 h6 15. Ra2
b5 16. Nce2 Bh7 17. g4 Ra7 18. Ng3 Bd6 19. Nd3 c5 20. f4 Ne4 21. Nxe4 Bxe4 22.
Ne5 Rc7 23. Qe2 Bxg2+ 24. Qxg2 Bxe5 25. fxe5 c4 26. bxc4 dxc4 27. g5 Qxg5 ({
Better was} 27... hxg5 {, and if} 28. Rf5 {then} b4 $5 29. Rxg5 g6 30. d5 Nc5
31. e6 Nxe6 32. dxe6 Qd1+ 33. Qg1 Qxg1+ 34. Kxg1 Rxe6 {, with counterplay.})
28. Qd5 Qg6 29. Rg2 Qc6 30. e4 c3 $2 ({After this careless move White's
threats cannot be parried. Essential was} 30... Qxd5 31. exd5 Kh7 32. Rfg1 Rg8
{, retaining counterchances.}) 31. Rfg1 (31. Rxf7 $1 {was the shortest way to
the victory:} Qxd5 32. Rgxg7+ Kh8 33. exd5 {, and Black's position is hopeless.
}) 31... g5 ({Of course, not} 31... g6 32. Rxg6+) (31... Qxd5 {loses to} 32.
Rxg7+ Kh8 33. exd5) {[%tqu "En","All White's pieces are superbly placed. How
should he continue his attack?","Destroy the weak pawn formation around the
enemy king.","Sacrifice your bishop!","c1g5","This sacrifice unleashes the
power of White's rooks and wins the battle.",5]} 32. Bxg5 $1 {[%csl Gg1,Gg2,
Rg8] After the bishop sacrifice, the white rooks come into attack, and the
black king is doomed.} hxg5 (32... Qxd5 {loses to} 33. Bf6+ Kh7 (33... Kf8 34.
Rg8#) 34. Rg7+ Kh8 35. Rxf7#) 33. Rxg5+ Kf8 ({Or} 33... Kh7 34. Rh5+ {, with
mate in a few moves.}) 34. Rg8+ Ke7 35. Rxe8+ (35. Rxe8+ {forcing mate in four:
} Kxe8 36. Rg8+ Ke7 37. Qd8+ Ke6 38. Qf6+ Kd7 39. Qxf7#) 1-0

[Event "New York Smartchess.com"]
[Site "New York"]
[Date "2001.06.13"]
[Round "9"]
[White "Simutowe, Amon"]
[Black "Sarkar, Justin"]
[Result "1-0"]
[WhiteElo "2470"]
[BlackElo "2406"]
[Annotator "Atlas,V"]
[PlyCount "67"]
[EventDate "2001.06.04"]
[EventType "tourn"]
[EventRounds "9"]
[EventCountry "USA"]
[EventCategory "9"]
[SourceTitle "CBM 084"]
[Source "ChessBase"]
[SourceDate "2001.09.13"]
[SourceVersion "1"]
[SourceVersionDate "2001.09.13"]
[SourceQuality "1"]

1. d4 Nf6 2. c4 e6 3. Nc3 Bb4 4. e3 O-O 5. Nge2 d5 6. cxd5 exd5 7. g3 c6 8. Bg2
Bf5 9. f3 Re8 10. O-O Na6 11. g4 Be6 12. a3 Bd6 13. h3 Nd7 14. e4 dxe4 15. fxe4
Nb6 16. Nf4 Nc7 17. d5 cxd5 18. exd5 Bd7 19. Nh5 Bb5 20. Nxb5 Nxb5 21. Qd3 Qd7
22. Bh6 Be5 23. a4 Nd4 24. Rae1 Qxa4 25. Rxe5 Rxe5 26. Bxg7 Rxh5 27. Bxd4 Rg5
28. Bf6 Rg6 29. Be4 Rxf6 30. Rxf6 Qa1+ 31. Rf1 Qxb2 32. Bxh7+ Kg7 33. d6 $1 {
Creating a deadly threat.} Rf8 $4 ({A decisive mistake. Essential was} 33...
Rh8 $1 {, and if} 34. d7 (34. Rxf7+ $2 {fails to} Kxf7 35. Qg6+ Kf8) {then}
34... Qe5 $1 35. d8=Q Rxd8 36. Qxd8 Qg3+ $11) {[%tqu "En","Black's king is in
bad shape. How would you conclude the game?","Disclose the enemy king even
more!","Use your rook!","f1f7","This is a nice touch!",4]} 34. Rxf7+ {[%csl
Rg6,Rg7][%cal Gd3g6,Gh7g6]} (34. Rxf7+ {, spotting a nice checkmate:} Rxf7 (
34... Kxf7 35. Qg6#) 35. Qg6+ Kf8 36. Qg8#) 1-0

[Event "Ceske Budejovice op"]
[Site "Ceske Budejovice"]
[Date "1992.??.??"]
[Round "3"]
[White "Guliev, Sarhan"]
[Black "Prandstetter, Eduard"]
[Result "1/2-1/2"]
[WhiteElo "2470"]
[BlackElo "2365"]
[Annotator "Bulletin"]
[PlyCount "81"]
[EventDate "1992.??.??"]
[EventType "swiss"]
[EventRounds "9"]
[EventCountry "CSR"]
[SourceTitle "TD"]
[Source "ChessBase"]
[SourceDate "1994.03.01"]
[SourceVersion "1"]
[SourceVersionDate "1994.03.01"]
[SourceQuality "1"]

1. d4 Nf6 2. c4 e6 3. Nc3 Bb4 4. e3 O-O 5. Nge2 d5 6. a3 Be7 7. cxd5 exd5 8. g3
a5 9. Bg2 Na6 10. O-O Re8 11. Nf4 c6 12. f3 Nc7 13. e4 c5 14. e5 Nd7 15. Ncxd5
Nxd5 16. Nxd5 cxd4 17. Nxe7+ Qxe7 18. f4 Nc5 19. Bd2 Bf5 20. b4 Ne4 21. bxa5
Nc3 22. Qb3 Rxa5 23. Bxc3 dxc3 24. Qxc3 Rea8 25. Rf3 Be4 26. Re3 Bxg2 27. Kxg2
b5 28. Rc1 g6 29. Qc5 Qxc5 30. Rxc5 Rxa3 31. Rxa3 Rxa3 32. Rxb5 Ra2+ 33. Kh3 h5
34. Rb7 Re2 35. Kh4 Rxh2+ 36. Kg5 h4 37. e6 (37. gxh4 $5 Rg2+ 38. Kf6 Rf2 39.
Rb8+ Kh7 40. Rb4 Kg8 41. h5 gxh5 42. f5) 37... hxg3 38. e7 Rh5+ 39. Kg4 f5+ 40.
Kxg3 Kf7 41. Rb6 1/2-1/2

[Event "EU-ch (Women) 11th"]
[Site "Rijeka"]
[Date "2010.03.11"]
[Round "6"]
[White "Socko, Monika"]
[Black "Kosintseva, Tatiana"]
[Result "1-0"]
[WhiteElo "2465"]
[BlackElo "2524"]
[Annotator "CB"]
[PlyCount "93"]
[EventDate "2010.03.06"]
[EventType "swiss"]
[EventRounds "11"]
[EventCountry "CRO"]
[SourceTitle "CBM 135 Extra"]
[Source "ChessBase"]
[SourceDate "2010.05.04"]
[SourceVersion "1"]
[SourceVersionDate "2010.05.04"]
[SourceQuality "1"]

1. d4 Nf6 2. c4 e6 3. Nc3 Bb4 4. e3 O-O 5. Nge2 d5 6. a3 Be7 7. cxd5 exd5 8. b4
c6 9. Ng3 Re8 10. Bd3 Nbd7 11. O-O Nb6 12. Rb1 {# Both Kosinsteva sisters have
played this line with Black, with Tatiana's latest foray dating from last year,
when she followed Kramnik's choice of 12...a6 from Navara-Kramnik (2008).
Kramnik's plan is not for everyone though, and if you suffer from
claustrophobia, another approach is recommended.} Bd6 13. Qc2 Be6 14. a4 a6 15.
a5 Nc8 16. Na4 Na7 17. Nc5 Qc7 18. f3 Nb5 {#Kramnik played this knight
maneuver too, though via d6 instead of a7. In this game, though the knight
looks well-placed, it is shown to be biting on dust.} 19. Qf2 h5 20. Re1 Rad8
21. Bb2 Bc8 22. Rbd1 {Socko is rerouting her pieces to prepare for the
thematic e4 push. Kosinsteva really cannot do anything to prevent it, and is
reduced to getting ready to fight against it and hope for the best.} Re7 23.
Nf1 Ree8 24. h3 Nd7 25. e4 dxe4 26. fxe4 Nf8 27. Qf3 Ng6 28. e5 Bxc5 29. dxc5
h4 30. Bxg6 fxg6 31. Qe4 g5 32. Qg6 Qe7 33. e6 $1 {# the bishop on b2 is
upgraded from e5 supporter to intercontinental ballistic missile.} Nc7 34. Rxd8
Rxd8 35. Ne3 Bxe6 36. Ng4 Rf8 {Houston, we have a problem.} 37. Nh6+ Kh8 38.
Nf5 Rxf5 39. Qxf5 Kg8 40. Qe5 Kh7 41. Qd6 Qf7 42. Rf1 Bf5 43. Qe5 Kg6 44. Rxf5
Qxf5 45. Qxg7+ Kh5 46. Qxc7 {# The bishop on b2 may look like it is hanging...}
g4 {no, it isn't a blunder.} ({the bishop is untouchable, since} 46... Qb1+ 47.
Kh2 Qxb2 {runs into} 48. Qh7#) 47. Qe5 1-0

[Event "Sharjah FIDE GP (Women)"]
[Site "Sharjah"]
[Date "2014.08.26"]
[Round "2"]
[White "Ushenina, Anna"]
[Black "Danielian, Elina"]
[Result "1-0"]
[WhiteElo "2487"]
[BlackElo "2490"]
[Annotator "CB"]
[PlyCount "205"]
[EventDate "2014.08.25"]
[EventType "tourn"]
[EventRounds "11"]
[EventCountry "UAE"]
[EventCategory "10"]
[SourceTitle "CBM 162"]
[Source "ChessBase"]
[SourceDate "2014.09.17"]
[SourceVersion "1"]
[SourceVersionDate "2014.09.17"]
[SourceQuality "1"]

{A long game, but not one that was marked by precise play. Ushenina always had
a pleasant position as the symmetrical structure suited her pieces better.
Danielian sacrificed a piece to break the bind that was clamping down her
position, but surely she was lost after that. The Ukrainian player made it
very hard on herself and Danielian had multiple chances of equalizing or at
least creating strong complications, however she missed almost all of them and
after 103 moves she had to resign.} 1. d4 Nf6 2. c4 e6 3. Nc3 Bb4 4. e3 O-O 5.
Nge2 Re8 6. a3 Bf8 7. Ng3 d5 8. Be2 Nbd7 9. O-O dxc4 10. Bxc4 c5 11. dxc5 Nxc5
12. Qe2 a6 13. Rd1 Qc7 14. Ba2 Bd7 15. e4 Bc6 16. Bg5 Nfd7 17. Rac1 Qb8 18. Nh5
g6 19. Ng3 Bg7 20. Qc2 Nf6 21. f3 Ncd7 22. Kh1 h5 23. Nge2 Qa7 24. Qd2 Rac8 25.
Nd4 Ne5 26. Be3 Qb8 27. Bf4 h4 28. Qe2 Nh5 29. Be3 h3 30. g3 Red8 31. f4 Nd7
32. Nxc6 Rxc6 33. e5 Nxe5 34. Rxd8+ Qxd8 35. fxe5 Bxe5 36. Rd1 Rd6 37. Kg1 Nf6
38. Rxd6 Qxd6 39. Bb1 Qc6 40. Bd3 Bxc3 41. bxc3 Qxc3 42. Qd2 Qxa3 43. Bf1 Ng4
44. Bd4 e5 45. Ba7 Qa1 46. Bc5 Kg7 47. Qe2 Nh6 48. Qd3 Nf5 $2 49. Qd8 Qc1 50.
Qf8+ Kf6 51. g4 $2 (51. Qh8+ $18) 51... b6 $2 (51... Qd1 $1 {A surprising
resource, but here White cannot escape the perpetual easily.} 52. Qh8+ (52.
gxf5 Qg4+ 53. Kf2 Qxf5+ 54. Ke1 Qb1+ 55. Ke2 Qc2+ $11) 52... Kg5 53. Qxe5 $14)
52. Bxb6 Nd4 53. Qd6+ Ne6 54. Bd8+ Kg7 55. Qxe5+ Kg8 56. Bf6 {Now the win is
not in question.} Qd1 57. Qb8+ Nf8 58. Qg3 Nh7 59. Bc3 a5 60. Qf4 a4 61. Qd4
Qxd4+ 62. Bxd4 Ng5 63. Bb2 Kh7 64. Bb5 f5 65. gxf5 gxf5 66. Bxa4 Nf3+ 67. Kh1
Kg6 68. Bc6 Ng5 69. Kg1 Kh5 70. Kf2 Kg4 71. Be5 Nf7 72. Bf3+ Kg5 73. Bc7 Kh4
74. Bd5 Ng5 75. Ke3 Kg4 76. Bd6 Nh7 77. Bf3+ Kg5 78. Be7+ Nf6 79. Kd4 Kg6 80.
Ke5 Ng8 81. Bd8 Nh6 82. Kf4 Kg7 83. Kg3 Nf7 84. Be7 Ne5 85. Be2 Kf7 86. Bc5 Ke6
87. Kxh3 Kd5 88. Bb6 Ke4 89. Ba6 f4 90. Bb7+ Kf5 91. Kg2 Nc4 92. Bc7 Ne5 93. h3
Ng6 94. Kf2 Ne5 95. Ke2 Nf7 96. Kd3 Ne5+ 97. Kd4 Nf7 98. Bc8+ Kg5 99. Be6 Nh8
100. Bd8+ Kh6 101. Ke4 Ng6 102. Bf5 f3 103. Kxf3 1-0

[Event "Nanjing FIDE GP (Women)"]
[Site "Nanjing"]
[Date "2009.10.02"]
[Round "5"]
[White "Mkrtchian, Lilit"]
[Black "Zhao, Xue"]
[Result "1-0"]
[WhiteElo "2468"]
[BlackElo "2542"]
[Annotator "CB"]
[PlyCount "63"]
[EventDate "2009.09.28"]
[EventType "tourn"]
[EventRounds "11"]
[EventCountry "CHN"]
[EventCategory "8"]
[SourceTitle "CBM 132 Extra"]
[Source "ChessBase"]
[SourceDate "2009.11.03"]
[SourceVersion "1"]
[SourceVersionDate "2009.11.03"]
[SourceQuality "1"]

1. d4 Nf6 2. c4 e6 3. Nc3 Bb4 4. e3 O-O 5. Nge2 d5 6. a3 Be7 7. cxd5 Nxd5 8. g3
c5 9. Bg2 Nxc3 10. bxc3 Nc6 11. O-O Qc7 12. Rb1 {I don't really like this move
in principle. White is playing some pseudo Grunfeld ideas here. The rook would
be better on c1} (12. e4 Rd8 13. d5 exd5 14. exd5 Bf5 15. Bf4 Ne5 16. Nd4 cxd4
17. cxd4 Bd6 18. dxe5 Bxe5 19. Rc1 Qd6 20. Bxe5 Qxe5 21. Qb3 Rd7 22. Rfe1 Qd6
23. Re3 h6 24. h4 h5 25. Rce1 {1-0 Smirnov,A-Biriukov,O/St Petersburg 2000 (35)
}) 12... Rd8 13. Nf4 b6 $11 14. Qe2 cxd4 15. cxd4 Bb7 16. d5 $6 {maybe a teeny
bit early. White should have played} (16. Bb2 Na5 17. Rbc1 Qd7 18. d5 $1 exd5
19. Rfd1 Nb3 20. Rc3 Nc5 21. Nxd5 $14) 16... exd5 17. Nxd5 Nd4 $1 {great
riposte by black} 18. Qh5 $5 (18. exd4 Bxd5 19. Bxd5 Rxd5 20. Re1 Bf8 21. Bb2
$11 {but black is preferable}) 18... Ne2+ 19. Kh1 Rxd5 $1 20. Bxd5 Nc3 $15 21.
Qxf7+ Kh8 {of course White has had to calculate this before Nd4} 22. e4 Rf8 $17
23. Qe6 {Diagram #} Nxd5 $2 {with one move, black throws away all the advantage
} (23... Bc8 24. Bf4 Qxf4 25. gxf4 Bxe6 26. Bxe6 Nxb1 27. Rxb1 Rxf4 $17) 24.
exd5 $14 Qc4 25. Kg1 $1 Bc5 26. Be3 (26. Qe5 $16) 26... Bxd5 27. Qe5 Bxe3 28.
Qxe3 Bf3 $6 (28... Ba8 $5 {may have been more problematic but black was
probably disenhearted at this point}) 29. Rb4 Qc8 30. Rf4 Bc6 31. Rc1 $18 Re8
32. Re4 $1 1-0

[Event "Asia-chT fin 11th"]
[Site "Singapore"]
[Date "1995.12.17"]
[Round "4"]
[White "Graf, Alexander"]
[Black "Antonio, Rogelio Jr"]
[Result "0-1"]
[WhiteElo "2585"]
[BlackElo "2525"]
[Annotator "Chekhov,V"]
[PlyCount "52"]
[EventDate "1995.12.14"]
[EventType "team"]
[EventRounds "9"]
[EventCountry "SIN"]
[SourceTitle "CBM 050 Extra"]
[Source "ChessBase"]
[SourceDate "1996.03.01"]
[SourceVersion "1"]
[SourceVersionDate "1996.03.01"]
[SourceQuality "1"]
[WhiteTeam "Uzbekistan"]
[BlackTeam "Philippines"]
[WhiteTeamCountry "UZB"]
[BlackTeamCountry "PHI"]

1. d4 Nf6 2. c4 e6 3. Nc3 Bb4 4. e3 O-O 5. Nge2 d5 6. a3 Be7 7. cxd5 (7. Nf4 $5
c6 8. Bd3 Nbd7 9. cxd5 Nxd5 (9... exd5 $5) 10. e4 Nxc3 11. bxc3 e5 12. Ne2 exd4
13. cxd4 c5 14. d5 b5 15. O-O a6 16. f4 $36 {Shirov,A-Loginov,V/Moscow/1994/
1|0/37/}) (7. Ng3 c5 8. dxc5 dxc4 $1 9. Qc2 Bxc5 10. Bxc4 Nbd7 11. O-O b6 12.
Rd1 Bb7 13. Nce4 Qc7 14. Nxc5 Nxc5 $10 {Nenashev,A-Nielsen,P/Kemerovo/1995/0,5/
16/}) 7... exd5 8. b4 (8. g3 $5) 8... c6 9. Ng3 Bd6 (9... b5 $5 10. Rb1 a5 11.
Qc2 axb4 12. axb4 Bd6 13. Bd3 Qe7 14. Qb2 Na6 15. Na2 Ne4 16. O-O f5 17. Bd2
Rf6 $132 {Vaisser,A-Horvath,J/Sochi/1985/0,5/46/}) (9... Ne8 $6 10. Bd3 Nd6 11.
O-O f5 12. f3 Be6 13. Nge2 Nd7 14. b5 Nb6 15. bxc6 bxc6 16. Na4 Nxa4 17. Qxa4
Qd7 18. Ra2 $14 {Marin,M-Sax,G-Warsaw/1987/0,5/61/}) 10. Bd3 Re8 11. O-O Nbd7
12. Qc2 $5 {N/} (12. b5 $5 c5 13. a4 b6 14. Ba3 Bb7 15. a5 bxa5 16. Nf5 Bf8 17.
Na4 c4 18. Bc2 Bxa3 19. Rxa3 Qc7 20. Nc3 a6 21. b6 $1 $146 {Salov,V-Timman,J/
IND/1994/0,5/62/}) 12... Nf8 13. b5 Bd7 14. a4 (14. bxc6 Bxc6 15. a4 (15. Nf5
Bc7 16. a4 g6 17. Ng3 Rc8 $132) 15... Rc8 16. Ba3 Bxa4 $1 $17) 14... Rc8 15.
Ba3 Bb8 16. Rfc1 Ng4 17. Nf1 (17. bxc6 Rxc6 $36) 17... Qg5 (17... Qh4 18. h3
Nf6 19. Bf5 $1 $14) 18. Qd2 Ng6 19. a5 $6 (19. Ne2 $5 Nh4 20. Neg3 $14) 19...
Nh4 20. f4 Qh6 21. a6 $2 (21. Re1 cxb5 22. Bxb5 Bxb5 23. Nxb5 Nf5 $17) (21.
bxc6 $5 bxc6 (21... Nxe3 22. cxd7 Bxf4 23. dxc8=Q Rxc8 24. Nxd5 $18) 22. Re1
$132) 21... Nxe3 $1 22. axb7 Rcd8 23. Nxe3 Bxf4 24. Ncd1 Rxe3 $1 $19 25. Qa5
Nf3+ 26. Kf2 (26. gxf3 Qxh2+ 27. Kf1 Rxf3+ $19) 26... Qh4+ (26... Qh4+ 27. Kf1
(27. g3 Qxh2+ $19) 27... Re1+ $19) 0-1

[Event "Biel U20"]
[Site "Biel"]
[Date "1986.07.21"]
[Round "2"]
[White "Zueger, Beat"]
[Black "Kindermann, Stefan"]
[Result "0-1"]
[WhiteElo "2425"]
[BlackElo "2485"]
[Annotator "ChessBase"]
[PlyCount "86"]
[EventDate "1986.07.20"]
[EventType "tourn"]
[EventRounds "11"]
[EventCountry "SUI"]
[EventCategory "7"]
[SourceTitle "MCL"]
[Source "ChessBase"]
[SourceDate "1999.07.01"]
[SourceVersion "1"]
[SourceVersionDate "1999.07.01"]
[SourceQuality "1"]

1. d4 Nf6 2. c4 e6 3. Nc3 Bb4 4. e3 O-O 5. Nge2 d5 6. a3 Be7 7. cxd5 (7. Ng3 $5
c6 8. Bd3 b6 9. O-O Bb7 10. Qe2 Nbd7 11. Rd1 Qc7 12. e4 {Sokolov,I-Gruenberg,
HU/Budapest/1986/1-0/54/}) 7... exd5 8. h3 $5 c6 $5 (8... c5 $6 9. dxc5 Bxc5
10. g4 h6 11. Bg2 Nc6 12. Nxd5 Nxd5 13. Qxd5 Qe7 14. b4 Bb6 15. Bb2 $16 {
Garcia Palermo-Winants/Brussels-B/1986/}) 9. g4 a5 10. Ng3 g6 11. g5 Ne8 12. h4
Be6 13. f4 Nd6 14. Bd3 Re8 15. h5 Bf8 $13 16. hxg6 hxg6 17. Qc2 Bg7 18. Bd2 Nd7
19. O-O-O b5 20. f5 Nxf5 21. Bxf5 Bxf5 22. Nxf5 gxf5 23. Qxf5 Nf8 24. Ne2 b4
25. Ng3 bxa3 26. Nh5 axb2+ 27. Kb1 Qe7 28. Ka2 Qe6 29. Qf2 Ng6 30. Qh2 Rab8 31.
Nxg7 Kxg7 32. Qh6+ Kg8 33. Rdf1 b1=Q+ 34. Rxb1 Rxb1 35. Rxb1 Qe4 36. Rb2 Qd3
37. Qh3 Qc4+ 38. Kb1 a4 39. Qd7 Rf8 40. Rc2 Qb3+ 41. Kc1 a3 42. Qxc6 Rb8 43.
Kd1 Qd3 0-1

[Event "St Petersburg op"]
[Site "St Petersburg"]
[Date "1994.??.??"]
[Round "6"]
[White "Guliev, Sarhan"]
[Black "Balashov, Yuri S"]
[Result "1/2-1/2"]
[WhiteElo "2470"]
[BlackElo "2510"]
[Annotator "Dautov,R"]
[PlyCount "129"]
[EventDate "1994.02.??"]
[EventType "swiss"]
[EventRounds "9"]
[EventCountry "RUS"]
[SourceTitle "CBM 041"]
[Source "ChessBase"]
[SourceDate "1994.08.01"]
[SourceVersion "1"]
[SourceVersionDate "1994.08.01"]
[SourceQuality "1"]

1. d4 Nf6 2. c4 e6 3. Nc3 Bb4 4. e3 O-O 5. Nge2 d5 6. a3 Be7 7. cxd5 Nxd5 8. g3
Nxc3 9. Nxc3 c5 10. d5 exd5 11. Nxd5 Be6 12. Bg2 Qd7 {N} (12... Nc6 13. O-O Rc8
(13... Qd7 $5 14. e4 Bxd5 15. exd5 Nd4 $10) 14. b3 Bf6 15. Ra2 Bxd5 16. Bxd5 b5
17. Rd2 Qb6 18. Qe2 Rfd8 19. Rfd1 Rd7 20. Bb2 Bxb2 21. Rxb2 Re8 22. Bg2 Rxd1+
23. Qxd1 Ne5 $10 {Boensch-Balashov/Trnava/1988}) 13. O-O Rd8 14. e4 (14. Nxe7+
Qxe7 15. Qc2 Nc6 16. Bd2 Rac8 $10) 14... Nc6 15. Be3 Rac8 16. Rc1 b6 17. Qd2 (
17. Qa4 $1 $14 {/\} Nd4 $2 18. Qxd7 Ne2+ 19. Kh1 Rxd7 20. Rc2 Bxd5 21. exd5 $18
) 17... Na5 18. Qc2 Bxd5 19. exd5 Nb7 $10 20. h4 Nd6 21. Kh2 Qf5 22. Qa4 (22.
Bh3 Qxc2 23. Rxc2 Rc7 $10) 22... Rc7 23. b4 $6 c4 24. Rfd1 h6 25. Rd4 Bf6 26.
Rf4 Qg6 (26... Qd3 27. Rxf6 gxf6 28. Bxh6 $44) 27. Qd1 Be5 28. Rg4 Qf6 29. Rc2
(29. a4 $142) 29... b5 $1 30. Re2 Re8 (30... Qf5 $5 31. Bh3 Qd3 32. Qxd3 cxd3
33. Rd2 Rc3 34. Bd4 (34. Bf1 h5 35. Rg5 Bf6 36. Rxh5 g6 37. Bg5 Bxg5 38. Rxg5
Ne4 $19) 34... Rc2 35. Rxd3 Bxd4 36. Rgxd4 Rxf2+ 37. Kg1 Ra2 $15) (30... Nf5
31. Re4 Nxe3 32. R2xe3 $10) 31. Bc5 Rce7 {/\Bg3} 32. Re3 (32. Kg1 Bb2 $1 33.
Rxe7 Rxe7 $15 {<->e}) (32. Rc2 $10) 32... Qf5 33. f4 $2 (33. Bh3 $2 Qxf2+) (33.
Kg1 $5 Qd7 34. Bh3 Qc7 35. Bg2 Bf6 36. Bxd6 Qxd6 37. Rge4 Rxe4 38. Rxe4 Rxe4
39. Bxe4 $10) 33... Bf6 34. Rxe7 Bxe7 {צg4} 35. Bh3 Qd3 36. Qxd3 cxd3 $19 37.
f5 (37. Bg2 h5 $19) 37... Bf6 (37... Nxf5 38. Rf4 d2 39. Bg4 Bxc5 40. Rxf5 $17)
38. Rf4 Re2+ 39. Kg1 Ne4 $6 (39... d2 $1 40. Rf1 Re1 41. Bg4 Ne4 42. Bf2 Rxf1+
43. Kxf1 Nc3 44. Bxa7 Kf8 $19) 40. Bg4 Nxg3 41. Rf3 d2 42. Rd3 Re4 43. Bf3 Rf4
$6 (43... Re1+ $1 44. Kh2 (44. Kf2 Bxh4 $19) (44. Kg2 Nxf5 45. Rxd2 Nxh4+ $19)
44... Nxf5 45. Rxd2 Nxh4 46. Be2 Be5+ 47. Kh3 Rh1+ 48. Kg4 f5+ $19) 44. Kg2
Nxf5 45. Bd1 Nxh4+ 46. Kg1 $132 Bg5 47. d6 Re4 48. Kf2 $1 Re1 49. Rxd2 Bxd2 50.
d7 Bg5 51. Kxe1 Ng6 52. Be2 a6 (52... Ne5 53. Bxb5 a6 54. Bxa6 Nxd7 55. Bd6
$132 {/\a4-a5}) 53. Bb6 Nf4 54. Bf3 Nd3+ (54... Ne6 $6 55. Bb7 $14) 55. Ke2 Ne5
56. d8=Q+ Bxd8 57. Bxd8 Nxf3 58. Kxf3 f6 59. Kg4 Kf7 (59... Kh7 $2 60. Kf5 h5
61. Bc7 h4 62. Bd8 h3 63. Bc7 Kh6 64. Kg4 $16) 60. Kh5 Ke6 $10 (60... f5 61.
Bb6 Kf6 62. Bd4+ Kf7 63. Be5 $16) 61. Kg6 Kd5 62. Kxg7 h5 63. Bxf6 a5 64. bxa5
Kc6 65. Kf7 (65. Kg6 Kb7 66. Kxh5 Ka8 $10) 1/2-1/2